000
002500000a22000970004500
100
1
_a
Rivera Velázquez, Melvin
245
1
0
_a
¿Quién me tocó?
300
_a
Vol. 53, Núm 236 (1998), Páginas 4-5
773
0
_t
La Biblia de las Américas
942
_c
ANA
999
_c
51479
_d
51479